| 000 | 00599nam a2200181Ia 4500 | ||
|---|---|---|---|
| 003 | GCL | ||
| 008 | 140319s9999 xx 000 0 ara d | ||
| 040 |
_aGCL / _cGCL |
||
| 082 | 0 | 4 |
_a909.04924 _bف م |
| 100 | 1 | _aفايز سليمان المعايطة | |
| 245 | 1 | 0 |
_aمملكة الشيطان : _bقراءة دينية تاريخية سياسية / _cفايز سليمان المعايطة |
| 250 | _aالاولى | ||
| 260 |
_aالاردن : _bالمؤلف ، _c2006 |
||
| 300 |
_a224 ص ؛ _c24 سم |
||
| 650 | 0 | 4 | _aاليهودية |
| 650 | 0 | 4 | _aاليهود - تاريخ |
| 942 |
_2ddc _cBK |
||
| 999 |
_c10017 _d10017 |
||